Inside the magic / (Record no. 1842)

MARC details
000 -LEADER
fixed length control field 01266nam a22002417a 4500
005 - DATE AND TIME OF LATEST TRANSACTION
control field 20250821141828.0
020 ## - INTERNATIONAL STANDARD BOOK NUMBER
International Standard Book Number 9780765359841
040 ## - CATALOGING SOURCE
Original cataloging agency FISKH
Language of cataloging eng
Transcribing agency FISKH
Modifying agency FISKH
050 ## - LIBRARY OF CONGRESS CALL NUMBER
Classification number PZ7.D128
082 ## - DEWEY DECIMAL CLASSIFICATION NUMBER
Classification number 813.54
100 ## - MAIN ENTRY--PERSONAL NAME
Personal name Dadey, Debbie
245 ## - TITLE STATEMENT
Title Inside the magic /
Statement of responsibility, etc. Debbie Dadey and Marcia Thornton Jones Illustrated by Adam Stower
260 ## - PUBLICATION, DISTRIBUTION, ETC.
Place of publication, distribution, etc. New York :
Name of publisher, distributor, etc. Tom Doherty Associates, LLC,
Date of publication, distribution, etc. 2009
300 ## - PHYSICAL DESCRIPTION
Extent 116 pages :
Dimensions 20 cm
490 ## - SERIES STATEMENT
Series statement Keyholders
Volume/sequential designation Book 3
505 ## - FORMATTED CONTENTS NOTE
Formatted contents note K
520 ## - SUMMARY, ETC.
Summary, etc. "Inside the Magic is the third in a series of light fantasy chapter books set in Morgantown, a town on the border between the real world and the magical world, by the authors of the Publishers Weekly best selling BAILEY SCHOOL KIDS--a series of 50 books with more than 30 million copies sold! Oh, no! Mr. Leery has been kidnapped by the evil Queen of the Boggarts. It's up to the apprentice Keyholders Penny, Luke, and Natalie to rescue him. Together with their links, a unicorn named Kirin, a dragon named Dracula, and a rat named Buttercup, the three Keyholders cross the border to the outlandishness magic..."
521 ## - TARGET AUDIENCE NOTE
Target audience note 590 <br/>
Source Lexile
521 ## - TARGET AUDIENCE NOTE
Target audience note K <br/>
Source Raz-Plus
700 ## - ADDED ENTRY--PERSONAL NAME
Personal name Jones, Marcia Thornton
Relator term author
942 ## - ADDED ENTRY ELEMENTS (KOHA)
Source of classification or shelving scheme Dewey Decimal Classification
Koha item type Books
Suppress in OPAC No
999 ## -
-- 1842
-- 1842
Holdings
Withdrawn status Lost status Source of classification or shelving scheme Damaged status Not for loan Collection Home library Current library Shelving location Date acquired Total Checkouts Full call number Barcode Date last seen Date last checked out Price effective from Koha item type Copy number
    Dewey Decimal Classification     Juvenile Fiction Footprints International School Library Network Toul Kork Campus Footprints International School Library Network Toul Kork Campus TK Primary Library Room(4th Floor), Bookcase 3&4, Shelves 17-32, Yellow Books 10/04/2023 1 DAD 813.54 PZ7.D128 FISTK00071 12/19/2025 08/29/2025 10/04/2023 Books  
    Dewey Decimal Classification     Juvenile Fiction Footprints International School Library Network Toul Tom Poung Campus Footprints International School Library Network Toul Tom Poung Campus TTP Primary Yellow Bookshelves 08/21/2025   DAD 813.54 PZ7.D128 FIS02648 08/21/2025   08/21/2025 Books 2